00386nam a2200145Ia 4500100001800000942000700018654002400025245002400049260003200073082000800105300000800113546001200121999001700133952009000150 aEverest/ G.C  cBK aDatabase Management aDatabase Management bMcGraw HillaNew Yorkc1986 a1.6 a816 aENGLISH c18892d18892 001040708AFTaCRCEbCRCEd2023-03-17l0o1.6 pAFT5328r2023-03-17w2023-03-17yBK